Trường Sơn thơ văn chọn lọc 1959-1979 Kỷ niệm 20 năm đường Hồ Chí Minh
保存先:
| その他の著者: | , |
|---|---|
| フォーマット: | 図書 |
| 言語: | Vietnamese |
| 出版事項: |
H.
Văn học
1979
|
| 主題: | |
| タグ: |
タグ追加
タグなし, このレコードへの初めてのタグを付けませんか!
|
| Thư viện lưu trữ: | Mạng thư viện Đại học Đà Nẵng |
|---|
| LEADER | 01085nam a2200349 4500 | ||
|---|---|---|---|
| 001 | 000005307 | ||
| 003 | 1451 | ||
| 005 | 20110815090819.0 | ||
| 008 | 110815s1979 viesd | ||
| 020 | |c 25000 | ||
| 041 | 0 | |a vie | |
| 082 | |a 895.92234 |b TRU | ||
| 245 | 0 | |a Trường Sơn thơ văn chọn lọc 1959-1979 |b Kỷ niệm 20 năm đường Hồ Chí Minh | |
| 260 | |a H. |b Văn học |c 1979 | ||
| 300 | |a 559 cm |c 24 cm | ||
| 653 | |a Văn học Việt Nam | ||
| 653 | |a Thơ | ||
| 653 | |a Văn | ||
| 653 | |a Trường Sơn | ||
| 700 | |a Trần Thoát | ||
| 700 | |a Kim Chi | ||
| 910 | |a Thu Sương |d 15/8/2011 | ||
| OWN | |a LSP | ||
| AVA | |a UDN50 |b LSP |d 895.92234 TRU |e available |t Error 5001 Not defined in file expand_doc_bib_avail. |f 3 |g 1 |h N |i 0 |k 1 | ||
| 999 | |a From the UDN01 | ||
| AVA | |a UDN50 |b LSP |d 895.92234 TRU |e available |t Error 5001 Not defined in file expand_doc_bib_avail. |f 3 |g 1 |h N |i 0 |k 1 | ||
| TYP | |a Monograph | ||
| TYP | |a Printed language | ||
| 980 | |a Mạng thư viện Đại học Đà Nẵng | ||